00613nam a2200205Ia 4500001000700000003000500007008004100012010001100053040000900064082001700073100000500090245013500095260004900230300001100279440000500290500000500295503000500300650005700305650004500362Z_1237CHAP220113s1989 xx 000 0 und d a164325 cCHAP a636.08503 D5 a aDiccionario técnico de la elaboración de alimentos para animales : inglés-español, spanish-english /cpor José E. Vidal aMéxico :bU.S. Feed Grains Council,c1989 a342 p. a a a aAlimentos y alimentación del ganadoxDiccionarios  aAlimentosxIndustria I. Vidal, José E.